Statistics for 20 Most Streamed Songs from 2018 on Spotify

Click here to take the quiz!

General Stats

  • This quiz has been taken 145 times
    (131 since last reset)
  • The average score is 13 of 20

Answer Stats

ArtistSong% Correct
DrakeGod's Plan
95%
Camila CabelloHavana
90%
Post Malonerockstar
87%
Post MaloneBetter Now
87%
Shawn MendesSeñorita
86%
Lady GagaShallow
79%
Maroon 5Girls Like You
76%
Travis ScottSICKO MODE
76%
Juice WRLDLucid Dreams
68%
Billie Eilishlovely
64%
Charlie PuthAttention
63%
MarshmelloHappier
63%
HalseyWithout Me
61%
Cardi BI Like It
60%
Calvin HarrisOne Kiss
54%
5 Seconds of SummerYoungblood
49%
LauvI Like Me Better
36%
benny blancoEastside
33%
Dean LewisBe Alright
25%
Trevor DanielFalling
16%

Score Distribution

Percentile by Number Answered

Percent of People with Each Score

Your Score History

You have not taken this quiz since the last reset